Zázračná noc, korčuľovanie, internet a hip-hop

Bibliographic Details
Format: Article
Language:Slovak
Subjects:

MARC

LEADER 00000nab a2200000 a 4500
001 vtls008953243
003 SK-MaSNL
005 20260303070250.0
008 070308 2007 xo w n 000 0 slo
015 |a SLLK2007  |2 sllk 
038 |a SLLK 
040 |a SLLK  |b slo  |c sllk  |e AACR2 
041 0 |a slo 
044 |a xo  |c SK 
080 |a 379.8  |2 1997 
245 0 0 |a Zázračná noc, korčuľovanie, internet a hip-hop  |c Text (mv) ; foto (CVČ) 
300 |b Fotogr. 
610 2 7 |a Centrum voľného času (Stará Ľubovňa, Slovensko)  |2 snkbucl  |9 59256 
648 7 |a 2007  |2 snkbucl  |9 313226 
650 0 7 |a jarné prázdniny  |x programy  |2 snkbucl  |9 1067469 
651 7 |a Stará Ľubovňa (Slovensko)  |2 snkbucl  |9 19193 
773 0 |t Ľubovnianske noviny  |g Roč. XXXIII, č. 8 (2007), s. 3 
852 |a SLLK  |b KIS3GCP 
999 |c 1754607  |d 1756537